ALL 5 Seconds of Summer Songs (5SOS) - Statistics

General Stats
  • This quiz has been taken 218 times
  • The average score is 87 of 138
Answer Stats
Album / EP Song % Correct
Youngblood Youngblood
94%
EVERYONE’S A STAR! Everyone’s A Star!
93%
Self Titled She Looks So Perfect
91%
Sounds Good Feels Good She’s Kinda Hot
91%
Amnesia | Self Titled Amnesia
90%
EVERYONE’S A STAR! Ghost
88%
Self Titled Good Girls
88%
Self Titled Don’t Stop
87%
EVERYONE’S A STAR! Boyband
85%
Youngblood Ghost Of You
85%
EVERYONE’S A STAR! NOT OK
85%
CALM Teeth
85%
CALM Easier
80%
5SOS5 Caramel
79%
Sounds Good Feels Good Jet Black Heart
79%
Youngblood Lie To Me
79%
Sounds Good Feels Good Outer Space / Carry On
79%
CALM Red Desert
79%
EVERYONE’S A STAR! Telephone Busy
79%
Youngblood Babylon
78%
EVERYONE’S A STAR! istillfeelthesame
77%
Sounds Good Feels Good Money
77%
Youngblood Valentine
77%
CALM No Shame
76%
EVERYONE’S A STAR! I’m Scared I’ll Never Sleep Again
75%
Self Titled 18
74%
Self Titled English Love Affair
74%
Youngblood More
74%
CALM Old Me
74%
Youngblood Want You Back
74%
5SOS5 CAROUSEL
73%
CALM Wildflower
73%
5SOS5 Bad Omens
72%
Youngblood Best Friend
72%
EVERYONE’S A STAR! Evolve
72%
Self Titled Voodoo Doll
72%
Sounds Good Feels Good Hey Everybody!
71%
Youngblood Woke Up In Japan
71%
5SOS5 COMPLETE MESS
70%
Self Titled Heartbreak Girl
70%
CALM High
70%
Youngblood Empty Wallets
69%
Youngblood Talk Fast
69%
EVERYONE’S A STAR! The Rocks
69%
Sounds Good Feels Good Airplanes
68%
5SOS5 BLENDER
68%
Sounds Good Feels Good Broken Home
68%
Sounds Good Feels Good Castaway
68%
5SOS5 You Don’t Go To Parties
68%
EVERYONE’S A STAR! Jawbreaker
68%
CALM Lover Of Mine
68%
EVERYONE’S A STAR! No. 1 Obsession
68%
EVERYONE’S A STAR! Start Over
68%
Don’t Stop Try Hard
67%
Sounds Good Feels Good Waste The Night
67%
She Looks So Perfect Disconnected
66%
Youngblood If Walls Could Talk
66%
Sounds Good Feels Good Vapor
66%
Singles / Other Who Do You Love
66%
Self Titled Long Way Home
65%
5SOS5 Me, Myself & I
65%
5SOS5 Take My Hand
65%
CALM Kill My Time
64%
CALM Not In The Same Way
64%
5SOS5 Older
64%
Sounds Good Feels Good The Girl Who Cried Wolf
64%
CALM Best Years
63%
Self Titled | Somewhere New Beside You
62%
EVERYONE’S A STAR! Chest
62%
CALM Lonely Heart
62%
Self Titled Mrs All American
62%
5SOS5 Bloodhound
61%
5SOS5 Flatline
61%
Sounds Good Feels Good San Francisco
61%
EVERYONE’S A STAR! Wishful Dreaming
61%
Youngblood Monster Among Men
60%
Sounds Good Feels Good Permanent Vacation
60%
Sounds Good Feels Good Safety Pin
60%
CALM Thin White Lies
60%
5SOS5 Emotions
59%
Self Titled Kiss Me Kiss Me
59%
Youngblood Meet You There
59%
5SOS5 TEARS!
58%
Youngblood Why Won’t You Love Me
58%
Don’t Stop Wrapped Around Your Finger
58%
She Looks So Perfect Heartache On The Big Screen
57%
Youngblood Moving Along
57%
5SOS5 Best Friends
56%
Youngblood Better Man
56%
Sounds Good Feels Good Catch Fire
56%
Amnesia Daylight
56%
Self Titled Greenlight
56%
EVERYONE’S A STAR! I’ll Find You
56%
Sounds Good Feels Good Invisible
56%
Singles / Other Pizza
56%
5SOS5 Red Line
56%
Sounds Good Feels Good Fly Away
55%
Singles / Other Girls Talk Boys
55%
Unplugged Gotta Get Out
55%
5SOS5 Bleach
54%
EVERYONE’S A STAR! Sick of Myself
54%
She Looks So Perfect Wherever You Are
54%
Self Titled End Up Here
53%
5SOS5 Moodswings
53%
Self Titled Everything I Didn’t Say
52%
5SOS5 HAZE
52%
Somewhere New Out Of My Limit
52%
Somewhere New Unpredictable
52%
Don’t Stop If You Don’t Know
51%
Singles / Other Lighter
51%
Don’t Stop Rejects
51%
She’s Kinda Hot Over And Out
50%
She’s Kinda Hot Lost In Reality
49%
Youngblood Midnight
49%
Good Girls Just Saying
48%
Youngblood When You Walk Away
48%
Amnesia American Idiot
47%
Self Titled Close As Strangers
47%
Self Titled Independence Day
47%
Self Titled Lost Boy
46%
Sounds Good Feels Good Story Of Another Us
46%
Singles / Other 2011
45%
Self Titled Never Be
45%
Singles / Other Take What You Want
45%
Unplugged I Miss You
44%
Sounds Good Feels Good The Space Between A Rock And A Hard Place
44%
Self Titled Social Casualty
42%
Self Titled Tomorrow Never Dies
41%
She’s Kinda Hot Broken Pieces
40%
She Looks So Perfect The Only Reason
40%
She Looks So Perfect What I Like About You
39%
Singles / Other Killer Queen
38%
Unplugged Jasey Rae
33%
Unplugged Too Late
33%
Singles / Other Stay
22%
Singles / Other Hearts Upon Our Sleeves
15%
No matching quizzes found
Score Distribution
Percent of People with Each Score
Percentile by Number Answered
Your Score History
You have not taken this quiz